zpět

Detail výsledku týmu

Cabaret café bar st, Olomouc

Datum a čas kvízu

23.5 Celkem bodů Celkový počet nahraných bodů na tomto kvízu bez doplňovacích otázek.
2. Pořadí na kvízu Konečné umístění týmu na tomto kvízu.

Zaznamenané odpovědi

# Otázka Odpověď Body Výsledky
1. Minulý týden byly vyhlášeny vý... Pavel Pafko 0
2. V sousedním Rakousku před něko... Sebastian Kurz 1
3. Minulý týden vstoupil do český... Joaquin Phoenix 0
4. Tento muž dělal 10 let šéfdesi... Jozef Kabaň 0
5. Minulý týden ukončila biatlono... Anastasia Kuzminová 1
6. Napíšete-li název afghánské le... Bagrám 0
7. Jak se jmenuje současný náčeln... Aleš Opata 0
8. Jak se nazývá město, u něhož s... Čáslav 1
9. Jednou z prvních zahraničních... Kosovo 1
10. Napište čtyřpísmenné označení... BREN 0